000 00592nam a22002177a 4500
003 OSt
005 20140310182953.0
008 130206t xxu||||| |||| 00| 0 eng d
020 _a9789712722523
050 _aHG 1886
_b.L573 2009
245 _aBanking theory and practice /
_c Mercedes M. Leuterio, Consuelo B. Estepa
260 _aPasig City :
_b Anvil Publishing, Inc.,
_c2009.
300 _a203 p. :
_c25 cm.
521 _aBSBA
546 _aC14759
546 _aC14760
562 _e3
650 _a1. Banks and banking--Philippines.
942 _2lcc
_cBK
_kLOC
999 _c17956
_d17956